<?xml version="1.0" encoding="UTF-8"?>
<marc:record xmlns:marc="http://www.loc.gov/MARC21/slim">
   <marc:leader>00000nam a2200000 a 4500</marc:leader>
   <marc:datafield ind1="1" ind2=" " tag="100">
      <marc:subfield code="a">Våhlund, Elias</marc:subfield>
      <marc:subfield code="4">aut</marc:subfield>
      <marc:subfield code="e">Verfasser/-in</marc:subfield>
   </marc:datafield>
   <marc:datafield ind1="0" ind2="0" tag="245">
      <marc:subfield code="a">Handbuch für Superhelden - Rückkehr</marc:subfield>
   </marc:datafield>
   <marc:datafield ind1="0" ind2="0" tag="245">
      <marc:subfield code="c">Våhlund, Elias</marc:subfield>
   </marc:datafield>
   <marc:datafield ind1=" " ind2="1" tag="264">
      <marc:subfield code="a">Berlin</marc:subfield>
      <marc:subfield code="b">Verlagshaus Jacoby &amp; Stuart</marc:subfield>
   </marc:datafield>
   <marc:datafield ind1="1" ind2=" " tag="490">
      <marc:subfield code="a">Handbuch für Superhelden</marc:subfield>
      <marc:subfield code="v">7</marc:subfield>
   </marc:datafield>
   <marc:datafield ind1="1" ind2=" " tag="520">
      <marc:subfield code="a">Die entführten Kinder sind nach Rosenberg zurückgekehrt, aber die Rote Maske und ihre Freunde spüren, dass irgendetwas faul ist an der Sache. Denn warum sollten sich die Entführer so viel Mühe machen, die Kinder zunächst zu entführen, um sie dann einige Tage später einfach so wieder freizulassen? Außerdem schlafwandeln viele der zurückgekehrten Kinder, und Rosenberg wird von einer Welle von Einbrüchen überrollt. Lisa glaubt, dass es da einen Zusammenhang gibt ... &#xD;
&#xD;
Die Abenteuer von Lisa erzählen die Geschichte eines Mädchens, das ihre Sache in die eigenen Hände nimmt, sich gegen Mobbing wehrt und gelernt hat solidarisch zu sein und sich selbst zu vertrauen. Eine Art moderne Pippi Langstrumpf mit Superkräften.</marc:subfield>
   </marc:datafield>
   <marc:datafield ind1=" " ind2=" " tag="020">
      <marc:subfield code="a">9783964281432</marc:subfield>
      <marc:subfield code="9">9783964281432</marc:subfield>
   </marc:datafield>
   <marc:datafield ind1=" " ind2=" " tag="020">
      <marc:subfield code="a">3964281433</marc:subfield>
      <marc:subfield code="9">3964281433</marc:subfield>
   </marc:datafield>
   <marc:datafield ind1=" " ind2=" " tag="041">
      <marc:subfield code="a">ger</marc:subfield>
   </marc:datafield>
   <marc:datafield ind1=" " ind2=" " tag="300">
      <marc:subfield code="b">Illustrationen</marc:subfield>
   </marc:datafield>
   <marc:datafield ind1="0" ind2=" " tag="490">
      <marc:subfield code="v">7</marc:subfield>
   </marc:datafield>
   <marc:datafield ind1=" " ind2=" " tag="338">
      <marc:subfield code="a">Band</marc:subfield>
   </marc:datafield>
   <marc:datafield ind1=" " ind2=" " tag="300">
      <marc:subfield code="a">94 Seiten</marc:subfield>
   </marc:datafield>
</marc:record>
